|
|
|
|
| LEADER |
01315nam a22002291i 4500 |
| 003 |
GR-PaULI |
| 005 |
20240205115736.0 |
| 008 |
211012s2002 gr a|||| ||| 11| 0dgre d |
| 952 |
|
|
|0 0
|1 0
|2 ddc
|4 0
|6 480_092000000000000_ΑΡΙ
|7 0
|9 329397
|a LISP
|b LISP
|c DON
|d 2014-12-10
|e ΒΑΛ
|i 127642
|l 0
|o 480.092 ΑΡΙ
|p 025000245266
|r 2021-10-13 00:00:00
|t 1
|w 2021-10-13
|y BK15
|z Δωρεά Βαλτινού
|
| 999 |
|
|
|c 184373
|d 184373
|
| 020 |
|
|
|a 9607498135
|
| 040 |
|
|
|a GR-PaULI
|b gre
|c GR-PaULI
|e AACR2
|
| 082 |
0 |
4 |
|2 23
|a 480.092
|
| 245 |
0 |
0 |
|a Αριστόξενος Δ. Σκιαδάς, 1932-1994 :
|b τιμητική εκδήλωση : αίθουσα τελετών Πανεπιστημίου Αθηνών, 21 Μαρτίου 2001 /
|c Εθνικό και Καποδιστριακό Πανεπιστήμιο Αθηνών, Εταιρεία Λευκαδικών Μελετών.
|
| 260 |
|
|
|a Αθήνα :
|b Εταιρεία Λευκαδικών Μελετών,
|c 2002.
|
| 300 |
|
|
|a 79 σ. :
|b εικ. ;
|c 24 εκ.
|
| 490 |
1 |
|
|a Επετειακά
|
| 600 |
1 |
0 |
|a Σκιαδάς, Αριστόξενος Δ. ,
|d 1932-1994
|9 54758
|
| 650 |
|
4 |
|9 178427
|a Φιλόλογοι
|z Ελλάδα
|v Βιογραφία.
|
| 830 |
|
0 |
|9 187946
|a Επετειακά (Εταιρεία Λευκαδικών Μελετών)
|
| 942 |
|
|
|2 ddc
|c BK
|
| 998 |
|
|
|c ΓΚΟΓΚΟΥ
|d 2021-10
|